| 000 | 01179nam a2200337 i 4500 | ||
|---|---|---|---|
| 001 | 000016724 | ||
| 003 | DO-SdBNP | ||
| 005 | 20240109082455.0 | ||
| 007 | ta | ||
| 008 | 100310s1985 dr c r 000 0 spa d | ||
| 040 |
_aDO-SdBNP _bspa _cBNPHU _erda |
||
| 082 |
_a366.17293 _bP762m _222 |
||
| 100 | 1 |
_aPolanco B., Hugo E. _eautor _937096 |
|
| 245 | 1 | 3 |
_aLa masonería en República Dominicana / _cHugo E. Polanco B. |
| 264 |
_aSanto Domingo : _bUniversidad Católica Madre y Maestra, _c1985. |
||
| 300 |
_a132 paginas : _bretratos. ; _c22 cm. |
||
| 336 |
_2rdacontent _atexto _btxt |
||
| 337 |
_2rdamedia _asin mediación _bn |
||
| 338 |
_2rdacarrier _avolumen _bnc |
||
| 490 | 1 | _aEstudios | |
| 500 | _aIncluye referencias bibliográficas y notas al pie de páginas | ||
| 504 | _aBibliografía : p. 127-132 | ||
| 590 | _aInventariado, 2018/BT | ||
| 650 | 4 |
_aMasonería _zRepública Dominicana _91652 |
|
| 650 | 4 |
_aMasonería e iglesia católica _937076 |
|
| 650 | 4 |
_aSociedades secretas _xHistoria _937070 |
|
| 650 | 4 |
_aSociedades secretas _zRepública Dominicana _937071 |
|
| 830 | 0 |
_aEstudios _93854 |
|
| 910 | _aValidado. Control de calidad. MMOLINA | ||
| 942 |
_2ddc _cLBS1 |
||
| 999 |
_c16256 _d16256 |
||